000 00773nam a22002055i 4500
001 166620
003 ES-MaACL
005 20230906213353.0
008 050916s1883 fr | |||||||| ||fre d
040 _aCAM
_bspa
_cCAM
100 1 _aTréverret, A. de.
_9133405
245 1 0 _aDeux petits poèmes (italien et espagnol) sur Sapho /
_cpar M.A. de Tréverret.
260 _aBordeaux :
_b[s.n.,
_c1883] (
_fImp. G. Gounouilhou)
300 _a12 p. ;
_c22 cm.
500 _aEn pag.12 consta: "Extrait des Annales de la Faculté des Lettres de Bordeaux, nº 3, 1883"
594 _aTit. tomado de comienzo de pag.1.
596 _aEl pie de imp. consta en colofón.
600 0 4 _aSafo.
_9101395
852 _aES-MaACL
_jT-352-F-20
_z-- Enc. hol.
_z-- Enc. en un vol. facticio
999 _c166620
_d166620